Three sisters, three queens / (Record no. 141770)
[ view plain ]
| 000 -LEADER | |
|---|---|
| fixed length control field | 01591cam a2200385 i 4500 |
| 001 - CONTROL NUMBER | |
| control field | 19111824 |
| 005 - DATE AND TIME OF LATEST TRANSACTION | |
| control field | 20180728145857.0 |
| 008 - FIXED-LENGTH DATA ELEMENTS--GENERAL INFORMATION | |
| fixed length control field | 160527s2016 nyubj b 000 1 eng |
| 010 ## - LIBRARY OF CONGRESS CONTROL NUMBER | |
| LC control number | 2016019149 |
| 020 ## - INTERNATIONAL STANDARD BOOK NUMBER | |
| International Standard Book Number | 9781476758572 (hardcover) |
| Canceled/invalid ISBN | 9781476758756 (ebook) |
| 040 ## - CATALOGING SOURCE | |
| Original cataloging agency | DLC |
| Language of cataloging | eng |
| Transcribing agency | DLC |
| Description conventions | rda |
| Modifying agency | PPAK |
| 050 00 - LIBRARY OF CONGRESS CALL NUMBER | |
| Item number | T49 2016 |
| 082 00 - DEWEY DECIMAL CLASSIFICATION NUMBER | |
| Classification number | 823.92 |
| Edition number | 23 |
| 090 ## - LOCALLY ASSIGNED LC-TYPE CALL NUMBER (OCLC); LOCAL CALL NUMBER (RLIN) | |
| Classification number (OCLC) (R) ; Classification number, CALL (RLIN) (NR) | 823.92 |
| Feature heading | GRE |
| Feature heading | G |
| 100 1# - MAIN ENTRY--PERSONAL NAME | |
| Personal name | Gregory, Philippa, |
| Relator term | author. |
| 245 10 - TITLE STATEMENT | |
| Title | Three sisters, three queens / |
| Statement of responsibility, etc. | Philippa Gregory. |
| 250 ## - EDITION STATEMENT | |
| Edition statement | First Touchstone hardcover edition. |
| 264 #1 - PRODUCTION, PUBLICATION, DISTRIBUTION, MANUFACTURE, AND COPYRIGHT NOTICE | |
| Place of production, publication, distribution, manufacture | New York : |
| Name of producer, publisher, distributor, manufacturer | Touchstone, |
| Date of production, publication, distribution, manufacture, or copyright notice | 2016. |
| Place of production, publication, distribution, manufacture | @2016 |
| 300 ## - PHYSICAL DESCRIPTION | |
| Extent | 556 pages : |
| Other physical details | map, genealogical tables ; |
| Dimensions | 21 cm |
| 336 ## - CONTENT TYPE | |
| Content type term | text |
| Source | rdacontent |
| 337 ## - MEDIA TYPE | |
| Media type term | unmediated |
| Source | rdamedia |
| 338 ## - CARRIER TYPE | |
| Carrier type term | volume |
| Source | rdacarrier |
| 490 0# - SERIES STATEMENT | |
| Series statement | Tudor court novels |
| 504 ## - BIBLIOGRAPHY, ETC. NOTE | |
| Bibliography, etc. note | Includes bibliographical references (pages 551-556). |
| 600 00 - SUBJECT ADDED ENTRY--PERSONAL NAME | |
| Personal name | Catharine, |
| Titles and other words associated with a name | of Aragon, Queen, consort of Henry VIII, King of England, |
| Dates associated with a name | 1485-1536 |
| Form subdivision | Fiction. |
| Personal name | Margaret, |
| Titles and other words associated with a name | Queen, consort of James IV, King of Scotland, |
| Dates associated with a name | 1489-1541 |
| Form subdivision | Fiction. |
| Personal name | Mary, |
| Titles and other words associated with a name | Queen, consort of Louis XII, King of France, |
| Dates associated with a name | 1496-1533, |
| Form subdivision | Fiction. |
| 650 #0 - SUBJECT ADDED ENTRY--TOPICAL TERM | |
| Topical term or geographic name entry element | Queens |
| Geographic subdivision | Europe |
| General subdivision | History |
| Chronological subdivision | 16th century |
| Form subdivision | Fiction. |
| 655 #7 - INDEX TERM--GENRE/FORM | |
| Genre/form data or focus term | Biographical fiction. |
| Source of term | gsafd |
| Genre/form data or focus term | Historical fiction. |
| Source of term | gsafd |
| 776 08 - ADDITIONAL PHYSICAL FORM ENTRY | |
| Relationship information | Online version: |
| Main entry heading | Gregory, Philippa, author. |
| Title | Three sisters, three queens |
| Edition | First Touchstone hardcover edition. |
| Place, publisher, and date of publication | New York, NY : Touchstone, An Imprint of Simon & Schuster, Inc., 2016 |
| International Standard Book Number | 9781476758756 |
| Record control number | (DLC) 2016025476 |
| 942 ## - ADDED ENTRY ELEMENTS (KOHA) | |
| Source of classification or shelving scheme | Dewey Decimal Classification |
| Koha item type | Book |
| Withdrawn | Not for loan | Current library | Shelving location | Date acquired | Total Checkouts | Total Renewals | Full call number | Barcode | Date last seen | Date last checked out | Koha item type |
|---|---|---|---|---|---|---|---|---|---|---|---|
| Perpustakaan Alor Setar | Pinjaman Dewasa | 08/02/2018 | 2 | 1 | 823.92 GRE | A01565297 | 10/06/2026 | 29/04/2026 | Book | ||
| Perpustakaan Awam Sungai Petani | Pinjaman Dewasa | 08/02/2018 | 1 | 1 | 823.92 GRE | A01565298 | 14/11/2023 | 01/10/2023 | Book | ||
| Perpustakaan Kulim | Pinjaman Dewasa | 08/02/2018 | 2 | 823.92 GRE | A01565299 | 05/03/2023 | 22/02/2023 | Book | |||
| Perpustakaan Langkawi | Pinjaman Dewasa | 08/02/2018 | 1 | 823.92 GRE | A01565300 | 01/09/2024 | 29/08/2024 | Book |